| 000 | 01113cam a2200325 i 4500 | ||
|---|---|---|---|
| 001 | data | ||
| 005 | 20260322212122.0 | ||
| 008 | data | ||
| 035 | _a17856511 | ||
| 906 |
_a7 _bcbc _corigres _d2 _encip _f20 _gy-gencatlg |
||
| 925 | 0 |
_aacquire _b1 shelf copy _xpolicy default |
|
| 955 | _wxk16 2020-11-30 | ||
| 010 | _a 2013948221 | ||
| 020 | _a9781935342014 | ||
| 035 | _a(OCoLC)858359515 | ||
| 040 |
_aYDXCP _beng _erda _cYDXCP _dDLC _dBDX _dIAM _dOCLCQ _dOCLCF _dDLC |
||
| 042 | _alccopycat | ||
| 050 | 0 | 0 |
_aGV191 _b.G33 2013 |
| 082 | 0 | 0 |
_a796 _223 |
| 100 | 1 |
_aGaddis, Mike, _eauthor. |
|
| 245 | 1 | 0 |
_aTurning for home : _bhomecomings from a sportsman's heart / _cby Mike Gaddis. |
| 264 | 1 |
_a[Columbia, SC?] : _bSporting Classics, _c[2013] |
|
| 300 |
_axi, 360 pages ; _c24 cm |
||
| 336 |
_atext _btxt _2rdacontent |
||
| 337 |
_aunmediated _bn _2rdamedia |
||
| 338 |
_avolume _bnc _2rdacarrier |
||
| 650 | 0 | _aSports stories. | |
| 650 | 7 |
_aSports. _2fast _0(OCoLC)fst01130432 |
|
| 650 | 7 |
_aSports stories. _2fast _0(OCoLC)fst01130763 |
|
| 999 |
_c1875 _d1875 |
||